The Earthscan reader in forestry and development

Bibliographic Details
Other Authors: Sayer, Jeffrey
Format: Book
Published: London ; Sterling, VA : Earthscan, , 2005.
Subjects:

MARC

LEADER 00000cam a2200000 7i4500
001 0000003582
005 20070809.0
020 0 0 |a 1844071545 
090 0 0 |a 333.7516   |b EAR 
245 1 0 |a The Earthscan reader in forestry and development   |c edited by Jeffrey Sayer. 
260 0 0 |a London ;   |a Sterling, VA :   |b Earthscan, ,   |c 2005. 
300 |a xiv, 434 p. :   |b ill. ;   |c 24 cm. 
504 0 0 |a Includes bibliographical references and index. 
650 0 0 |a Forest conservation. 
650 0 0 |a Forest management. 
650 0 0 |a Forests and forestry. 
700 1 1 |a Sayer, Jeffrey. 
999 |a 0000007122   |b Monograph   |c Open Shelf   |e Default branch